000 00209 a2200085 4500
110 _aPopulation Reference Bureau
245 _aReproductive Health in Sub-Saharan Africa
260 _aUSA
_c2008
942 _cPERIODICAL
999 _c2640
_d2640